Vrai ou Faux : Mathématiques (2) - Statistiques

Statistiques générales
  • Ce quiz a été pris 37 fois
  • Le résultat moyen est 11 sur 20
Statistiques - réponses
Question Réponse % Correct
La somme de deux suites divergentes peut converger Vrai
78%
1122334455 est divisible par 11 Vrai
72%
Soit n entier naturel, l'espace vectoriel des polynômes de degré au plus n est fermé Vrai
72%
Il existe une fonction qui est à la fois paire et impaire Vrai
66%
L'ensemble des suites réelles de carré sommable est un espace de Hilbert Vrai
66%
Soit p un nombre premier. On a p qui divise k parmi p pour tout k compris entre 1 et p-1 Vrai
66%
La somme de deux suites convergentes peut diverger Faux
63%
Si une série converge alors le terme général de cette série tend vers 0 Vrai
63%
La fonction qui a x (non nul) associe sin(x)/x est aussi appelée sinus cardinal Vrai
63%
Si le terme général d'une série tend vers 0 alors cette série converge Faux
56%
Le centre de gravité d'un triangle peut aussi s'appeler isobarycentre Vrai
56%
Toute fonction strictement monotone est injective Vrai
56%
Si X est une variable aléatoire discrète qui vérifie P(X=x) = 0 pour tout x appartenant à l'univers de X, on dit que la variable aléatoire est diffuse Faux
50%
On peut construire un triangle dont les mesures sont 42 cm ; 37 cm et 85 cm Faux
50%
Il y a équivalence entre surjectivité et injectivité pour les endomorphismes linéaires en dimension finie Vrai
44%
La fonction logarithme népérien est solution de l'équation fonctionnelle : f(x+y) = f(x)f(y) Faux
41%
En dimension finie, il existe un endmorphisme non nul qui est à la fois nilpotent et diagonalisable Faux
34%
Sur un corps fini, chaque polynôme admet au moins une racine Faux
31%
En topologie, le complémentaire de l'adhérence d'un ensemble est égale à l'adhérence du complémentaire de cet ensemble Faux
31%
Le nombre de racines réelles d'un polynôme non constant est supérieur ou égal à celui de son polynôme dérivé. Faux
9%
Aucun quiz correspondant
Distribution des résultats
% des personnes avec chaque résultat
Percentile par nombre de réponses
Votre historique - résultats
Vous n’avez pas pris ce quiz